1791 1756 1357 1395 1284 1972 1770 1543 1606 1385 1562 1395 1359 1342 1170 1149 1904 1883 1064 1284 1360 1644 1290 1123 1205 1095 1519 1404 1069 1766 1831 1200 1821 1996 1361 1233 1536 1851 1064 1723 1482 1036 1308 1880 1186 1616 1561 1752 1900 1267 1027 1982 1378 1390 1807 1713 1931 1290 1189 1616 1816 1393 1048 1759 1894 1209 1528 1485 1023 1349 1989 1118 1811 1157 1579 1375 1005 1772 1914 1002 1558 1728 1402 1992 1088 1254 1402 1996 1782 1212 1926 1755 1356 1986 1058 1076 1199 1701 1017 BCNSPRNW ULIB Ver.6.0+V

เปลี่ยนเป็นภาษาไทย

Change to English
 แสดงรายละเอียดบรรณานุกรม
  กลับหน้าหลัก

Brief Record : Get Marc (ISO 2709) : E-mail record : QR code < ปิดหน้าต่าง
LEADER : 00000nam 2200000uu 4500
001    13399128627
003     ULIB
008    230924s2565||||th 000 0 tha d
020    ^a9789740341758
050  4 ^aBF637.B4^bส272ท
100 0  ^aสมโภชน์ เอี่ยมสุภาษิต
245 10 ^aทฤษฎีและเทคนิคการปรับพฤติกรรม =^bTheories and techniques inbehavior modification /^cสมโภชน์ เอี่ยมสุภาษิต
246 31 ^aTheories and techniques in behavior modification
250    ^aพิมพ์ครั้งที่ 10
260    ^aกรุงเทพฯ :^bสำนักพิมพ์แห่งจุฬาลงกรณ์มหาวิทยาลัย,^c2565
300    ^a447 หน้า :^bภาพประกอบ ;^c26 ซม.
650  4 ^aการปรับพฤติกรรม
650  4 ^aจิตวิทยาประยุกต์
650  4 ^aพฤติกรรมมนุษย์
945    ^p390^l0^i29892
945    ^p390^l0^i29893
999    ^aกัณชพร จุลอักษร
รายการนี้ยังไม่มีแท็ก
คุณยังไม่ได้ล็อกอิน คุณสามารถมีกิจกรรมร่วมกับเว็บไซต์ได้ แต่ต้องล็อกอินก่อน ::
  ล็อกอิน

รายการสื่อสารสนเทศ

ลำดับที่ ประเภท เลขเรียก/บาร์โค้ด สถานที่ สถานะ
1. หนังสือสำรอง
หนังสือสำรอง
BF637.B4 ส272ท ฉ.1 
  Barcode: 29892
ห้องสมุดวิทยาเขตนครสวรรค์
►หนังสือทั่วไป:l:General Books
บนชั้น
2. วิทยาศาสตร์การแพทย์ และสุขภาพ
วิทยาศาสตร์การแพทย์ และสุขภาพ
BF637.B4 ส272ท ฉ.2 
  Barcode: 29893
ห้องสมุดวิทยาเขตนครสวรรค์
►หนังสือทั่วไป:l:General Books
บนชั้น

รายการใกล้เคียง
    ผู้แต่ง [สมโภชน์ เอี่ยมสุภาษิต]

    หัวเรื่อง [การปรับพฤติกรรม]
    หัวเรื่อง [จิตวิทยาประยุกต์]
    หัวเรื่อง [พฤติกรรมมนุษย์]

BibComment


ยังไม่เคยถูกคอมเมนท์

คอมเมนท์ทรัพยากรรายการนี้
  คอมเมนท์: ทฤษฎีและเทคนิคกา..


 Copyright 2026. Bcnsprnw @Library